[Event "2 Bundesliga West 2007/2008"]
[Site "Salzburg"]
[Date "2007.10.07"]
[Round "2"]
[Board "4"]
[White "Kanonier, Clemens"]
[Black "Besner, Bernhard"]
[Result "1/2-1/2"]
[WhiteElo "2104"]
[BlackElo "2119"]
[PlyCount "85"]
[EventDate "2007.10.06"]
[EventType "team"]
[EventRounds "11"]
[EventCountry "AUT"]
[WhiteTeam "Dornbirn"]
[BlackTeam "ASK Salzburg"]

1.e4 d5 2.exd5 Qxd5 3.d4 Nc6 4.Nf3 Bg4 5.Be2 O-O-O 6.c4 Qh5 7.Be3 Nf6 8.Nbd2 e6
9.a3 Bd6 10.b4 h6 11.Qa4 a6 12.c5 Be7 13.Bxa6 Bxf3 14.Nxf3 Qd5 15.Bxb7+ Kxb7
16.b5 Nb8 17.c6+ Kc8 18.O-O Ne4 19.Qa8 Nd6 20.Bf4 e5 21.Bxe5 Qxb5 22.Rfb1 Qxc6
23.Rxb8+ Kd7 24.Rxd8+ Rxd8 25.Qxc6+ Kxc6 26.Bxg7 h5 27.g3 f6 28.Bh6 Nb5 29.Rc1+
Kb7 30.a4 Nxd4 31.Nxd4 Rxd4 32.Ra1 Ka6 33.Bf4 c5 34.Re1 Bd8 35.Re8 c4 36.Kf1 c3
37.Ke2 c2 38.Be3 Rd1 39.h3 Bc7 40.Re6+ Kb7 41.Rxf6 c1=Q 42.Bxc1 Rxc1 43.Rf5

[Event "2 Bundesliga West 2007/2008"]
[Site "Salzburg"]
[Date "2007.10.07"]
[Round "2"]
[Board "5"]
[White "LOeffler, Christoph"]
[Black "Natter, Markus"]
[Result "0-1"]
[WhiteElo "2172"]
[BlackElo "2122"]
[PlyCount "84"]
[EventDate "2007.10.06"]
[EventType "team"]
[EventRounds "11"]
[EventCountry "AUT"]
[WhiteTeam "ASK Salzburg"]
[BlackTeam "Dornbirn"]

1.e4 d5 2.exd5 Qxd5 3.Nc3 Qd6 4.Nf3 Nf6 5.d4 a6 6.h3 b5 7.a3 Nbd7 8.Be3 Bb7
9.Be2 e6 10.Qd2 Be7 11.Bf4 Qb6 12.O-O O-O 13.b4 Rfd8 14.Rab1 Ne4 15.Nxe4 Bxe4
16.Ng5 Bxg5 17.Bxg5 Nf6 18.Rbd1 Qc6 19.f3 Bg6 20.c4 bxc4 21.Qc3 Rd7 22.Rd2 Nd5
23.Qxc4 Qa4 24.Ra2 h6 25.Bd2 Nb6 26.Qc3 Rad8 27.Bd1 Qb5 28.Be1 Rxd4 29.Be2 Qd5
30.Ra1 Bd3 31.Bxd3 Rxd3 32.Qxc7 Nc4 33.Bf2 Nxa3 34.Rfc1 Nb5 35.Qc5 Nd4 36.Qxd5
exd5 37.Rc7 Ne6 38.Rc6 Rb3 39.Bc5 d4 40.Raxa6 d3 41.Ra1 d2 42.Rd1 Rc3

[Event "2 Bundesliga West 2007/2008"]
[Site "Salzburg"]
[Date "2007.10.07"]
[Round "2"]
[Board "6"]
[White "Klocker, Daniel"]
[Black "Scheiblmaier, Robert"]
[Result "1/2-1/2"]
[WhiteElo "2067"]
[BlackElo "2135"]
[PlyCount "34"]
[EventDate "2007.10.06"]
[EventType "team"]
[EventRounds "11"]
[EventCountry "AUT"]
[WhiteTeam "Dornbirn"]
[BlackTeam "ASK Salzburg"]

1.e4 e6 2.d4 d5 3.Nd2 Nf6 4.e5 Nfd7 5.Bd3 c5 6.c3 b6 7.Ne2 Ba6 8.Bxa6 Nxa6 9.O-O
Nc7 10.Nf4 Be7 11.Qg4 g6 12.Re1 b5 13.Nb3 c4 14.Na5 Nb6 15.Nc6 Qd7 16.Nxe7 Qxe7
17.Bd2 Kd7

[Event "2 Bundesliga West 2007/2008"]
[Site "Salzburg"]
[Date "2007.10.07"]
[Round "2"]
[Board "1"]
[White "Lehner, Oliver"]
[Black "Dobosz, Henryk"]
[Result "1/2-1/2"]
[WhiteElo "2419"]
[BlackElo "2430"]
[PlyCount "88"]
[EventDate "2007.10.06"]
[EventType "team"]
[EventRounds "11"]
[EventCountry "AUT"]
[WhiteTeam "Sparkasse Jenbach"]
[BlackTeam "GOetzis"]

1.e4 c5 2.Nf3 d6 3.d4 Nf6 4.Nc3 cxd4 5.Nxd4 a6 6.Bc4 e6 7.Bb3 Be7 8.f4 Nc6 9.f5
Qb6 10.Nxc6 bxc6 11.fxe6 Bxe6 12.Qf3 O-O 13.Be3 Qc7 14.O-O Bg4 15.Qg3 Bh5 16.Bd4
Bg6 17.Rae1 Rae8 18.e5 dxe5 19.Bxe5 Qd7 20.h3 Nh5 21.Qf2 Nf6 22.Kh1 Qb7 23.Qf3
Rd8 24.Ba4 Nd5 25.Ne4 f5 26.Nc3 Bf6 27.Bb3 Kh8 28.Nxd5 cxd5 29.c4 Bh4 30.g3 f4
31.gxh4 Be4 32.Rxe4 dxe4 33.Qg2 f3 34.Qg5 Qd7 35.Qg3 e3 36.c5 Rde8 37.Ba4 Rxe5
38.Bxd7 e2 39.Rg1 Re7 40.Qd6 e1=Q 41.Rxe1 Rxe1+ 42.Kh2 Re2+ 43.Kh1 Re1+ 44.Kh2
Re2+

[Event "2 Bundesliga West 2007/2008"]
[Site "Salzburg"]
[Date "2007.10.07"]
[Round "2"]
[Board "2"]
[White "Eisenbeiser, Amadeus"]
[Black "Reich, Thomas"]
[Result "0-1"]
[WhiteElo "2319"]
[BlackElo "2430"]
[PlyCount "70"]
[EventDate "2007.10.06"]
[EventType "team"]
[EventRounds "11"]
[EventCountry "AUT"]
[WhiteTeam "GOetzis"]
[BlackTeam "Sparkasse Jenbach"]

1.e4 c5 2.Nf3 g6 3.d4 cxd4 4.Nxd4 Bg7 5.c4 Nc6 6.Be3 Nf6 7.Nc3 O-O 8.Be2 b6
9.O-O Bb7 10.f3 Qb8 11.Qd2 Rd8 12.Rfe1 d6 13.Bf1 Rd7 14.a3 Qf8 15.Nxc6 Bxc6
16.a4 Rb7 17.b4 a5 18.b5 Be8 19.g3 Nd7 20.f4 Rc8 21.Ra2 Nc5 22.Bg2 Rbb8 23.Nd5
e6 24.Nxb6 Rxb6 25.Qxa5 Rbb8 26.Qd2 Nb3 27.Qb4 Nd4 28.Rd1 e5 29.Bxd4 exd4 30.a5
d5 31.Qxf8+ Bxf8 32.exd5 Rxc4 33.b6 Bc5 34.d6 d3+ 35.Kh1 Ba4

[Event "2 Bundesliga West 2007/2008"]
[Site "Salzburg"]
[Date "2007.10.07"]
[Round "2"]
[Board "3"]
[White "Kleissl, Helmut"]
[Black "Schmidlechner, Alexander"]
[Result "1/2-1/2"]
[WhiteElo "2302"]
[BlackElo "2195"]
[PlyCount "48"]
[EventDate "2007.10.06"]
[EventType "team"]
[EventRounds "11"]
[EventCountry "AUT"]
[WhiteTeam "Sparkasse Jenbach"]
[BlackTeam "GOetzis"]

1.Nf3 d5 2.d4 Nf6 3.c4 c6 4.Qb3 dxc4 5.Qxc4 Bf5 6.g3 e6 7.Bg2 Be7 8.O-O O-O
9.Nc3 h6 10.Ne5 Nbd7 11.e4 Bh7 12.Nxd7 Nxd7 13.Be3 Rc8 14.Rfd1 b5 15.Qe2 b4
16.Na4 Qa5 17.b3 c5 18.Rac1 cxd4 19.Bxd4 Rxc1 20.Rxc1 e5 21.Be3 Nf6 22.Bc5 Rc8
23.Be3 Rxc1+ 24.Bxc1 Qc7

[Event "2 Bundesliga West 2007/2008"]
[Site "Salzburg"]
[Date "2007.10.07"]
[Round "2"]
[Board "4"]
[White "Wallis, Anton"]
[Black "Micheli, Carlo"]
[Result "1/2-1/2"]
[WhiteElo "2163"]
[BlackElo "2313"]
[PlyCount "131"]
[EventDate "2007.10.06"]
[EventType "team"]
[EventRounds "11"]
[EventCountry "AUT"]
[WhiteTeam "GOetzis"]
[BlackTeam "Sparkasse Jenbach"]

1.e4 c5 2.c3 Nf6 3.e5 Nd5 4.d4 cxd4 5.Nf3 e6 6.cxd4 Nc6 7.a3 d6 8.Bd3 Qa5+ 9.Bd2
Qb6 10.Nc3 Nxc3 11.Bxc3 dxe5 12.dxe5 Be7 13.O-O Bd7 14.Qe2 O-O-O 15.b4 Kb8
16.Rab1 Bc8 17.Rfd1 Ka8 18.b5 Nb8 19.a4 Bc5 20.a5 Qc7 21.Rdc1 Qe7 22.a6 Nd7
23.Be4 Nb6 24.Ba5 Rd7 25.Bxb6 axb6 26.Nd2 Kb8 27.Nc4 Rhd8 28.Qa2 bxa6 29.bxa6
Ka7 30.Qb3 Rd4 31.Bf3 Bd7 32.Nd6 Ba4 33.Nb5+ Bxb5 34.Qxb5 Qd7 35.Qxd7+ R8xd7
36.Bb7 Rd2 37.h3 Re2 38.Rd1 Rdd2 39.Kh1 Rxf2 40.Rbc1 f5 41.Rxd2 Rxd2 42.Bc8 Rd5
43.Re1 Bf2 44.Rf1 Bg3 45.Bxe6 Rxe5 46.Bxf5 Kxa6 47.Bxh7 b5 48.Ra1+ Kb6 49.Kg1 b4
50.Bd3 Re3 51.Rd1 Kc5 52.Kf1 b3 53.Be2 Kb4 54.Bd3 Kc3 55.Bg6 Kb2 56.Bh7 Re6
57.Bd3 g5 58.Bh7 Re3 59.Bd3 Ka2 60.Bb1+ Kb2 61.Bf5 Re5 62.Bg6 Ra5 63.Ke2 Ra1
64.Rxa1 Kxa1 65.Kf3 Be1 66.Kg4

[Event "2 Bundesliga West 2007/2008"]
[Site "Salzburg"]
[Date "2007.10.07"]
[Round "2"]
[Board "5"]
[White "Unzicker, Ferdinand"]
[Black "Kranz, Armin"]
[Result "1-0"]
[WhiteElo "2291"]
[BlackElo "2172"]
[PlyCount "61"]
[EventDate "2007.10.06"]
[EventType "team"]
[EventRounds "11"]
[EventCountry "AUT"]
[WhiteTeam "Sparkasse Jenbach"]
[BlackTeam "GOetzis"]

1.c4 c5 2.Nf3 b6 3.g3 Bb7 4.Bg2 Nf6 5.O-O e6 6.Nc3 d6 7.b3 a6 8.Bb2 Be7 9.d4
cxd4 10.Nxd4 Bxg2 11.Kxg2 Qc7 12.e3 Nbd7 13.f4 Qb7+ 14.Qf3 Qxf3+ 15.Kxf3 Rc8
16.g4 Nc5 17.Rfd1 O-O 18.g5 Nfd7 19.h4 f6 20.b4 e5 21.Nd5 Rce8 22.Nc6 Na4
23.Ndxe7+ Kf7 24.Bxe5 Nxe5+ 25.fxe5 Rxe7 26.Nxe7 Kxe7 27.Rxd6 Rc8 28.c5 bxc5
29.Rxa6 Nc3 30.bxc5 Rxc5 31.Rc1

[Event "2 Bundesliga West 2007/2008"]
[Site "Salzburg"]
[Date "2007.10.07"]
[Round "2"]
[Board "6"]
[White "Flatz, Lothar"]
[Black "HOellrigl, Wilfried"]
[Result "0-1"]
[WhiteElo "2156"]
[BlackElo "2240"]
[PlyCount "68"]
[EventDate "2007.10.06"]
[EventType "team"]
[EventRounds "11"]
[EventCountry "AUT"]
[WhiteTeam "GOetzis"]
[BlackTeam "Sparkasse Jenbach"]

1.Nf3 g6 2.g3 Bg7 3.Bg2 d6 4.d4 Nf6 5.c4 O-O 6.O-O Nbd7 7.Nc3 e5 8.e4 Re8 9.h3
c6 10.Re1 Qc7 11.Bg5 h6 12.Be3 exd4 13.Nxd4 Nc5 14.Qc2 Bd7 15.Rad1 Rad8 16.b4
Ne6 17.c5 dxc5 18.Nxe6 Bxe6 19.bxc5 Rxd1 20.Rxd1 Rd8 21.Rd2 Rxd2 22.Qxd2 Qa5
23.Bd4 Nd7 24.Bxg7 Kxg7 25.Qd4+ Kg8 26.Na4 Qe1+ 27.Kh2 Qe2 28.Nc3 Qc4 29.Qxc4
Bxc4 30.f4 Nxc5 31.e5 Kf8 32.g4 Nd3 33.Kg3 g5 34.fxg5 hxg5

[Event "2 Bundesliga West 2007/2008"]
[Site "Jenbach"]
[Date "2007.11.16"]
[Round "3"]
[Board "1"]
[White "FrOewis, Georg"]
[Black "Bayer, Bernhard"]
[Result "0-1"]
[WhiteElo "2223"]
[BlackElo "2367"]
[PlyCount "78"]
[EventDate "2007.10.06"]
[EventType "team"]
[EventRounds "11"]
[EventCountry "AUT"]
[WhiteTeam "Lustenau"]
[BlackTeam "Schwaz"]

1.e4 c6 2.d4 d5 3.exd5 cxd5 4.c4 Nf6 5.Nc3 Nc6 6.Nf3 e6 7.cxd5 exd5 8.Bd3 Be7
9.O-O O-O 10.h3 a6 11.Re1 Re8 12.Bg5 Be6 13.Rc1 Rc8 14.Na4 b5 15.Nc5 Nxd4
16.Nxd4 Bxc5 17.Nxe6 fxe6 18.Rc3 Qe7 19.Bxh7+ Kxh7 20.Bxf6 Bxf2+ 21.Kxf2 Qxf6+
22.Kg1 Rxc3 23.Qh5+ Qh6 24.Qxe8 Rc1 25.Rxc1 Qxc1+ 26.Kh2 Qf4+ 27.Kh1 Qf5 28.Qd8
Qf1+ 29.Kh2 Qf4+ 30.Kh1 d4 31.Kg1 Qe3+ 32.Kh1 d3 33.Qh4+ Kg6 34.Qg4+ Kf7 35.Qh5+
Ke7 36.Qh4+ Kd7 37.Qh5 Qc1+ 38.Kh2 Qf4+ 39.Kh1 d2

[Event "2 Bundesliga West 2007/2008"]
[Site "Jenbach"]
[Date "2007.11.16"]
[Round "3"]
[Board "2"]
[White "Fuchs, Georg"]
[Black "Sucher, Johannes"]
[Result "1-0"]
[WhiteElo "2221"]
[BlackElo "2218"]
[PlyCount "83"]
[EventDate "2007.10.06"]
[EventType "team"]
[EventRounds "11"]
[EventCountry "AUT"]
[WhiteTeam "Schwaz"]
[BlackTeam "Lustenau"]

1.e4 d5 2.exd5 Nf6 3.d4 Bg4 4.Bb5+ Nbd7 5.f3 Bf5 6.Nc3 a6 7.Ba4 b5 8.Bb3 Nb6
9.Nge2 Nbxd5 10.Nxd5 Nxd5 11.O-O e6 12.Ng3 Bg6 13.f4 c5 14.c4 Nb6 15.f5 exf5
16.Qe2+ Be7 17.dxc5 Nxc4 18.Bg5 Qd4+ 19.Kh1 f6 20.Nxf5 Bxf5 21.Rxf5 Qxb2 22.Qe1
Ne5 23.Rb1 Qd4 24.Rd1 Qxc5 25.Rd5 Qa3 26.Rdxe5 fxe5 27.Bxe7 Qxe7 28.Rxe5 Ra7
29.Qe4 Rf8 30.h3 Rf6 31.Rxe7+ Rxe7 32.Qa8+ Kd7 33.Qb7+ Kd8 34.Qb8+ Kd7 35.Bd5
Rd6 36.Bf3 Rf6 37.Bb7 h6 38.Bxa6 Rxa6 39.Qb7+ Ke8 40.Qxa6 Re5 41.Qd6 Re2 42.Qc6+

[Event "2 Bundesliga West 2007/2008"]
[Site "Jenbach"]
[Date "2007.11.16"]
[Round "3"]
[Board "3"]
[White "Bezler, Rainer"]
[Black "Gruber, Michael"]
[Result "1-0"]
[WhiteElo "2258"]
[BlackElo "2146"]
[PlyCount "91"]
[EventDate "2007.10.06"]
[EventType "team"]
[EventRounds "11"]
[EventCountry "AUT"]
[WhiteTeam "Lustenau"]
[BlackTeam "Schwaz"]

1.e4 e5 2.Nf3 Nc6 3.Bb5 a6 4.Bxc6 dxc6 5.Nc3 Qd6 6.d4 exd4 7.Nxd4 c5 8.Nde2
Qxd1+ 9.Nxd1 Bd7 10.Bf4 O-O-O 11.Ne3 Bc6 12.f3 Ne7 13.h4 Ng6 14.Bg3 f6 15.h5 Ne5
16.Nf4 Bd6 17.O-O-O Rhe8 18.Nfd5 Nd3+ 19.Rxd3 Bxg3 20.c4 Bxd5 21.Rxd5 Bf4 22.Kd2
Rxd5+ 23.cxd5 c6 24.dxc6 b6 25.g3 Bxe3+ 26.Kxe3 Kc7 27.f4 Kxc6 28.g4 h6 29.Rg1
b5 30.Kf3 Kd6 31.g5 fxg5 32.fxg5 Ke5 33.gxh6 gxh6 34.Rg7 Re6 35.Ke3 Re8 36.Rc7
c4 37.Rc5+ Kd6 38.Rf5 Re6 39.Kd4 Kd7 40.e5 Kc6 41.a3 a5 42.Rf6 Kd7 43.Rxe6 Kxe6
44.Kc5 b4 45.axb4 axb4 46.Kxc4

[Event "2 Bundesliga West 2007/2008"]
[Site "Jenbach"]
[Date "2007.11.16"]
[Round "3"]
[Board "4"]
[White "Kondrak, Christof"]
[Black "Doskocil, Klaus"]
[Result "1/2-1/2"]
[WhiteElo "2153"]
[BlackElo "2202"]
[PlyCount "30"]
[EventDate "2007.10.06"]
[EventType "team"]
[EventRounds "11"]
[EventCountry "AUT"]
[WhiteTeam "Schwaz"]
[BlackTeam "Lustenau"]

1.d4 e6 2.a3 d5 3.Nf3 Nf6 4.Bg5 h6 5.Bh4 b6 6.e3 Bb7 7.c4 Nbd7 8.Nc3 Be7 9.Rc1
a6 10.Be2 O-O 11.O-O c5 12.dxc5 Nxc5 13.Bxf6 Bxf6 14.b4 Bxc3 15.Rxc3 Ne4

[Event "2 Bundesliga West 2007/2008"]
[Site "Jenbach"]
[Date "2007.11.16"]
[Round "3"]
[Board "5"]
[White "Mrsic, Robert"]
[Black "Riedl, Johannes"]
[Result "1/2-1/2"]
[WhiteElo "2117"]
[BlackElo "2142"]
[PlyCount "50"]
[EventDate "2007.10.06"]
[EventType "team"]
[EventRounds "11"]
[EventCountry "AUT"]
[WhiteTeam "Lustenau"]
[BlackTeam "Schwaz"]

1.e4 e6 2.d4 d5 3.Nd2 c5 4.exd5 Qxd5 5.Ngf3 cxd4 6.Bc4 Qd6 7.O-O Nf6 8.Nb3 Nc6
9.Nbxd4 Nxd4 10.Nxd4 a6 11.c3 Qc7 12.Bd3 Bd6 13.h3 Bd7 14.a4 O-O-O 15.Be3 Nd5
16.Qf3 f5 17.Bg5 Nf6 18.b4 h6 19.Bxf6 gxf6 20.b5 a5 21.b6 Qxb6 22.Rfb1 Qc7
23.Bb5 Rhe8 24.Rb3 Bc5 25.Rab1 Re7

[Event "2 Bundesliga West 2007/2008"]
[Site "Jenbach"]
[Date "2007.11.16"]
[Round "3"]
[Board "6"]
[White "Streiter, Gerhard"]
[Black "Niedermair, Hannes"]
[Result "1-0"]
[WhiteElo "1926"]
[BlackElo "1997"]
[PlyCount "67"]
[EventDate "2007.10.06"]
[EventType "team"]
[EventRounds "11"]
[EventCountry "AUT"]
[WhiteTeam "Schwaz"]
[BlackTeam "Lustenau"]

1.e4 d6 2.d4 Nf6 3.Nc3 c6 4.Nf3 Qa5 5.Bd3 e5 6.h3 Nbd7 7.O-O Be7 8.Bd2 Qc7 9.a4
a5 10.Qe2 O-O 11.dxe5 dxe5 12.Bc4 Nc5 13.Bg5 h6 14.Bh4 Nh5 15.Bxe7 Qxe7 16.Qe3
Na6 17.Rfd1 Be6 18.Nxe5 Nb4 19.Rd2 Qf6 20.Bxe6 Qxe5 21.Bb3 Kh8 22.Rf1 Nf4 23.Re1
Qg5 24.g3 Nxh3+ 25.Kg2 Qg4 26.Rh1 f5 27.Rxh3 f4 28.Qf3 Qg5 29.Rh5 Qg6 30.g4 Rad8
31.Rf5 Qxf5 32.Rxd8 Qc5 33.Rxf8+ Qxf8 34.g5

[Event "2 Bundesliga West 2007/2008"]
[Site "Jenbach"]
[Date "2007.11.16"]
[Round "3"]
[Board "1"]
[White "Pitl, Gregory"]
[Black "Heinzel, Olaf"]
[Result "1-0"]
[WhiteElo "2405"]
[BlackElo "2392"]
[PlyCount "141"]
[EventDate "2007.10.06"]
[EventType "team"]
[EventRounds "11"]
[EventCountry "AUT"]
[WhiteTeam "Wuestenrot Inter Sbg Sued"]
[BlackTeam "Rochade Rum"]

1.e4 d5 2.exd5 Qxd5 3.Nf3 Nf6 4.d4 Bg4 5.Be2 e6 6.h3 Bf5 7.O-O Be7 8.c4 Qd8
9.Qb3 Qc8 10.Nc3 O-O 11.Nh4 Be4 12.Bg5 Bc6 13.Nf3 h6 14.Bh4 Bxf3 15.Bxf3 c6
16.Bg3 Rd8 17.Rad1 Nh7 18.Rfe1 Bf6 19.Ne4 Be7 20.d5 cxd5 21.cxd5 exd5 22.Nc3 Bf8
23.Bxd5 Rd7 24.Bf3 Nc6 25.Bg4 Rxd1 26.Rxd1 Qe8 27.Qxb7 Nf6 28.Bf3 Rc8 29.Nd5
Nxd5 30.Bxd5 Ne7 31.Bb3 a5 32.Qe4 Rd8 33.Rxd8 Qxd8 34.Qc4 Qe8 35.Ba4 Qd8 36.Bb3
Qe8 37.Qe4 Qd7 38.Bf4 Nc8 39.Qa8 Qf5 40.Bg3 Ne7 41.Kh2 h5 42.f3 Qc5 43.Qe8 Qf5
44.Qa4 Ng6 45.Bc2 Qg5 46.h4 Qc5 47.Bxg6 fxg6 48.Qe4 Kh7 49.Qe5 Qc1 50.Qc3 Qb1
51.Qxa5 Qxb2 52.a4 Qd4 53.Kh3 Qd7+ 54.Kh2 Qd4 55.Qa8 Bc5 56.Qc6 Qg1+ 57.Kh3 Qh1+
58.Bh2 Bg1 59.Qc7 Bxh2 60.Qxh2 Qc1 61.Qe5 Qc8+ 62.Kg3 Qc4 63.a5 Qa4 64.Kh3 Qa2
65.Kh2 Qc4 66.Qa1 Qxh4+ 67.Kg1 Qg3 68.a6 h4 69.a7 h3 70.Qf1 hxg2 71.Qf2

[Event "2 Bundesliga West 2007/2008"]
[Site "Jenbach"]
[Date "2007.11.16"]
[Round "3"]
[Board "2"]
[White "Deglmann, Ludwig"]
[Black "Grafl, Florian"]
[Result "1/2-1/2"]
[WhiteElo "2327"]
[BlackElo "2433"]
[PlyCount "64"]
[EventDate "2007.10.06"]
[EventType "team"]
[EventRounds "11"]
[EventCountry "AUT"]
[WhiteTeam "Rochade Rum"]
[BlackTeam "Wuestenrot Inter Sbg Sued"]

1.d4 f5 2.Nc3 d5 3.Bf4 Nf6 4.e3 a6 5.Nf3 e6 6.Ne5 c5 7.Be2 Bd6 8.O-O O-O 9.dxc5
Bxc5 10.Na4 Bd6 11.c4 g5 12.Bg3 Ne4 13.Nf3 Nxg3 14.hxg3 dxc4 15.Qd4 g4 16.Nh4
Bc7 17.Nxf5 Rxf5 18.Qxg4+ Rg5 19.Qxc4 b5 20.Qe4 Qd5 21.Qc2 Qc6 22.Rac1 Bb7
23.Bf3 Qxc2 24.Rxc2 Bxf3 25.Rxc7 bxa4 26.gxf3 Rf5 27.Rd1 Rf8 28.Rd4 h5 29.Rb4
Rf7 30.Rc8+ Rf8 31.Rc7 Rf7 32.Rc8+ Rf8

[Event "2 Bundesliga West 2007/2008"]
[Site "Jenbach"]
[Date "2007.11.16"]
[Round "3"]
[Board "3"]
[White "Pitschka, Klaus"]
[Black "Gatterer, Florian"]
[Result "0-1"]
[WhiteElo "2320"]
[BlackElo "2301"]
[PlyCount "76"]
[EventDate "2007.10.06"]
[EventType "team"]
[EventRounds "11"]
[EventCountry "AUT"]
[WhiteTeam "Wuestenrot Inter Sbg Sued"]
[BlackTeam "Rochade Rum"]

1.d4 d5 2.Nf3 Nf6 3.c4 c6 4.Nc3 a6 5.c5 Bf5 6.Bf4 Nbd7 7.h3 h6 8.e3 e6 9.Be2 Be7
10.O-O Qc8 11.b4 Bd8 12.a4 Bc7 13.b5 Ne4 14.Nxe4 Bxe4 15.bxc6 bxc6 16.Qd2 a5
17.Ne5 Bxe5 18.Bxe5 Nxe5 19.dxe5 Qc7 20.f3 Bg6 21.f4 O-O 22.Bd3 Bxd3 23.Qxd3
Rfb8 24.Rfb1 Rb4 25.Rxb4 axb4 26.Kh2 Qa5 27.Qc2 Rb8 28.Rb1 g6 29.g4 Kg7 30.f5
exf5 31.gxf5 Qc7 32.Qb2 f6 33.fxg6 Qxe5+ 34.Qxe5 fxe5 35.a5 Ra8 36.Rxb4 Rxa5
37.Rg4 Rxc5 38.h4 Rc4

[Event "2 Bundesliga West 2007/2008"]
[Site "Jenbach"]
[Date "2007.11.16"]
[Round "3"]
[Board "4"]
[White "Hengl, Christian"]
[Black "Marchhart, Matthias"]
[Result "1-0"]
[WhiteElo "2207"]
[BlackElo "2163"]
[PlyCount "41"]
[EventDate "2007.10.06"]
[EventType "team"]
[EventRounds "11"]
[EventCountry "AUT"]
[WhiteTeam "Rochade Rum"]
[BlackTeam "Wuestenrot Inter Sbg Sued"]

1.e4 c5 2.Nc3 Nc6 3.g3 g6 4.Bg2 Bg7 5.d3 d6 6.f4 e6 7.Nf3 Nge7 8.O-O O-O 9.Be3
f5 10.Qd2 b5 11.Nxb5 Bxb2 12.Rab1 Bg7 13.e5 dxe5 14.Nxe5 Bxe5 15.fxe5 Rb8
16.Bxc5 a6 17.Bxc6 axb5 18.Bxb5 Rf7 19.c4 Bb7 20.Bd6 Ra8 21.Be8

[Event "2 Bundesliga West 2007/2008"]
[Site "Jenbach"]
[Date "2007.11.16"]
[Round "3"]
[Board "5"]
[White "Riemelmoser, Franz"]
[Black "Jedinger, Andreas"]
[Result "1/2-1/2"]
[WhiteElo "2302"]
[BlackElo "2178"]
[PlyCount "145"]
[EventDate "2007.10.06"]
[EventType "team"]
[EventRounds "11"]
[EventCountry "AUT"]
[WhiteTeam "Wuestenrot Inter Sbg Sued"]
[BlackTeam "Rochade Rum"]

1.c4 e5 2.Nc3 Bb4 3.Nd5 a5 4.e3 Nf6 5.Qf3 Nxd5 6.Qxd5 Qe7 7.Nf3 Nc6 8.a3 Bc5
9.Nxe5 Qxe5 10.Qxe5+ Nxe5 11.d4 Bd6 12.c5 Be7 13.dxe5 Bxc5 14.Bd2 d5 15.exd6
Bxd6 16.Bc3 O-O 17.Be2 b6 18.Bf3 Rb8 19.O-O-O Be6 20.Kc2 Rfd8 21.Bc6 f6 22.b4
axb4 23.Bxb4 Kf8 24.Bxd6+ Rxd6 25.Rxd6 cxd6 26.Be4 h6 27.Rb1 d5 28.Bd3 Rc8+
29.Kd2 Rc6 30.Bb5 Rd6 31.Kc3 Ke7 32.Kd4 Bd7 33.Bd3 Kd8 34.Be2 Kc7 35.Bf3 Bc6
36.Rd1 Rd8 37.Kc3 Ra8 38.Kb2 Ra5 39.Rd4 Kd6 40.h4 Kc5 41.Bd1 Ra7 42.Bb3 Re7
43.Bc2 Bb5 44.Kc3 Ra7 45.a4 Bc6 46.Rg4 Re7 47.Kd2 Bd7 48.Rd4 Bc6 49.Ke2 Be8
50.Kf3 Re5 51.Kf4 Bd7 52.Bd1 Re4+ 53.Rxe4 dxe4 54.Bc2 Kb4 55.g4 Bxa4 56.Bxe4 Bd7
57.g5 fxg5+ 58.hxg5 h5 59.Ke5 Kc5 60.f4 h4 61.f5 h3 62.f6 gxf6+ 63.gxf6 Be8
64.Kf4 Kd6 65.Bf3 h2 66.Kg3 Ke6 67.Kxh2 Kxf6 68.Kg3 Ke5 69.Kf2 Bb5 70.Ke1 Bd3
71.Kd2 Be4 72.Bxe4 Kxe4 73.Kc3

[Event "2 Bundesliga West 2007/2008"]
[Site "Jenbach"]
[Date "2007.11.16"]
[Round "3"]
[Board "6"]
[White "Muehlbacher, Bernhard"]
[Black "Endthaler, Arnold"]
[Result "1/2-1/2"]
[WhiteElo "2134"]
[BlackElo "2078"]
[PlyCount "25"]
[EventDate "2007.10.06"]
[EventType "team"]
[EventRounds "11"]
[EventCountry "AUT"]
[WhiteTeam "Rochade Rum"]
[BlackTeam "Wuestenrot Inter Sbg Sued"]

1.c4 Nf6 2.g3 g6 3.Bg2 Bg7 4.Nc3 O-O 5.e3 c6 6.Nge2 d6 7.O-O Nbd7 8.h3 Qc7 9.b3
Rb8 10.Bb2 Ne8 11.Kh2 e5 12.d4 f5 13.f4

[Event "2 Bundesliga West 2007/2008"]
[Site "Jenbach"]
[Date "2007.11.16"]
[Round "3"]
[Board "1"]
[White "Navratil, Robert"]
[Black "Blaskowski, Johannes"]
[Result "1/2-1/2"]
[WhiteElo "2141"]
[BlackElo "2328"]
[PlyCount "115"]
[EventDate "2007.10.06"]
[EventType "team"]
[EventRounds "11"]
[EventCountry "AUT"]
[WhiteTeam "ASK Salzburg"]
[BlackTeam "WOergl"]

1.e4 c5 2.Nf3 e6 3.d4 cxd4 4.Nxd4 Nf6 5.Nc3 d6 6.Be2 Be7 7.Be3 Nc6 8.f4 Qc7
9.O-O a6 10.a4 O-O 11.Kh1 Re8 12.Bf3 Bd7 13.Nb3 Nb4 14.a5 Bc6 15.Bb6 Qb8 16.Nd4
d5 17.e5 Nd7 18.f5 Nxb6 19.fxe6 fxe6 20.axb6 Bc5 21.Nce2 Bd7 22.c3 Nc6 23.c4
Nxd4 24.Nxd4 Qxe5 25.Nb3 Bxb6 26.Re1 Qd6 27.cxd5 Bc7 28.g3 Kh8 29.dxe6 Bc6
30.Nd4 Bxf3+ 31.Nxf3 Rxe6 32.Qb3 Rae8 33.Qxb7 Rxe1+ 34.Rxe1 Rxe1+ 35.Nxe1 h6
36.Qa8+ Kh7 37.Qe4+ Kg8 38.Qa8+ Kf7 39.Qf3+ Qf6 40.Kg2 Qxf3+ 41.Kxf3 Kf6 42.Nd3
Bd6 43.b3 Kf5 44.Nf2 Ke5 45.Ne4 Be7 46.Ke3 Bd8 47.h3 Bb6+ 48.Kd3 a5 49.Nd2 Kd5
50.Ne4 Bc7 51.Ke3 Bb6+ 52.Kd3 Ba7 53.Nc3+ Kc5 54.Ne4+ Kb4 55.Kc2 Bb8 56.g4 Be5
57.Nf2 Kb5 58.Ne4

[Event "2 Bundesliga West 2007/2008"]
[Site "Jenbach"]
[Date "2007.11.16"]
[Round "3"]
[Board "2"]
[White "Grundherr, Martin"]
[Black "Teufl, Siegfried"]
[Result "1-0"]
[WhiteElo "2282"]
[BlackElo "2207"]
[PlyCount "91"]
[EventDate "2007.10.06"]
[EventType "team"]
[EventRounds "11"]
[EventCountry "AUT"]
[WhiteTeam "WOergl"]
[BlackTeam "ASK Salzburg"]

1.e4 e5 2.Nc3 Nc6 3.g3 Bc5 4.Bg2 Nge7 5.Nge2 d6 6.O-O a6 7.Kh1 Be6 8.f4 f6 9.Nd5
O-O 10.c3 Bf7 11.Ne3 Qd7 12.d4 Ba7 13.d5 Nd8 14.c4 c6 15.Bd2 cxd5 16.cxd5 b5
17.Bf3 Bg6 18.f5 Bf7 19.g4 Nb7 20.Ng3 Rac8 21.h4 Nc5 22.Qe2 Qb7 23.g5 Kh8 24.Ng4
Ng8 25.Rac1 Nd7 26.Be3 Bxe3 27.Nxe3 Rxc1 28.Rxc1 Rc8 29.Rg1 Ne7 30.Bh5 Bg8
31.Qg2 Qb6 32.Ngf1 g6 33.fxg6 hxg6 34.gxf6 Nxf6 35.Bxg6 Qd8 36.Bf5 Nxf5 37.Nxf5
Rc7 38.N1e3 Rh7 39.Qg5 Qf8 40.Qg2 Nh5 41.Rc1 Ng7 42.Qg6 Qd8 43.Rc2 Nxf5 44.Nxf5
Bf7 45.Rc1 Rxh4+ 46.Kg2

[Event "2 Bundesliga West 2007/2008"]
[Site "Jenbach"]
[Date "2007.11.16"]
[Round "3"]
[Board "3"]
[White "Juergens, Klaus"]
[Black "Bertagnolli, Alexander"]
[Result "0-1"]
[WhiteElo "2181"]
[BlackElo "2319"]
[PlyCount "48"]
[EventDate "2007.10.06"]
[EventType "team"]
[EventRounds "11"]
[EventCountry "AUT"]
[WhiteTeam "ASK Salzburg"]
[BlackTeam "WOergl"]

1.Nf3 g6 2.c4 Bg7 3.e4 c6 4.d4 d5 5.cxd5 cxd5 6.exd5 Nf6 7.Bc4 O-O 8.Ne5 b5
9.Bxb5 Qxd5 10.Be2 Bb7 11.Bf3 Qa5+ 12.Nc3 Bxf3 13.Qxf3 Nbd7 14.Bf4 Qb6 15.O-O
Qxd4 16.Nc6 Qb6 17.Nxe7+ Kh8 18.b3 Qc5 19.Rae1 Nh5 20.Ncd5 Nxf4 21.Qxf4 Nb6
22.Rd1 Rae8 23.Nxb6 axb6 24.Rd7 Rxe7

[Event "2 Bundesliga West 2007/2008"]
[Site "Jenbach"]
[Date "2007.11.16"]
[Round "3"]
[Board "4"]
[White "Astl, Peter"]
[Black "Besner, Bernhard"]
[Result "0-1"]
[WhiteElo "2263"]
[BlackElo "2119"]
[PlyCount "88"]
[EventDate "2007.10.06"]
[EventType "team"]
[EventRounds "11"]
[EventCountry "AUT"]
[WhiteTeam "WOergl"]
[BlackTeam "ASK Salzburg"]

1.Nf3 d5 2.d4 c5 3.c4 e6 4.cxd5 exd5 5.g3 c4 6.Bg2 Bb4+ 7.Bd2 Qa5 8.O-O Nc6
9.Nc3 Nge7 10.a3 Bxc3 11.Bxc3 Qc7 12.Ne5 O-O 13.e4 Be6 14.Nxc6 bxc6 15.e5 Qd7
16.f4 Bh3 17.Bxh3 Qxh3 18.Bb4 Rfe8 19.b3 Nf5 20.Rf3 cxb3 21.Rxb3 h5 22.Be1 Re6
23.Bf2 Rg6 24.Qf1 Qg4 25.Kh1 Ne7 26.h3 Qf5 27.Bg1 Qc2 28.Qd1 Qf5 29.Qf1 Rd8
30.Rab1 Kh7 31.Kh2 Qe4 32.Qf3 Nf5 33.Qxe4 dxe4 34.Rd1 Rd5 35.Rb7 c5 36.Rb5 Rxg3
37.Rxc5 Rxc5 38.dxc5 Rxa3 39.Rd2 e3 40.Rc2 Nd4 41.Rb2 e2 42.Bf2 Nf3+ 43.Kg3
Nxe5+ 44.Kg2 Nd3